000
00299nam a22001337a 4500
008
181017b xxu||||| |||| 00| 0 eng d
020
_a
0226764532
041
_a
eng
080
_a
370
100
_a
47
101
_a
EDU
245
_a
On The Maging Of Discourse
_c
Barbara.h.s
942
_2
udc
_c
BK
999
_c
49954
_d
49954